01005nam a2200217Ia 4500003000900000008004100009040001600050080002700066111011800093245020900211260003400420300001600454650002700470650004900497700003300546700002400579710004700603942000700650999001500657952011500672IN-BaIIA211028s9999 xx 000 0 eng d cIIA Library a629.19(047.1)bCOS-XIV aOpen Meetings of Workshop Groups of the Sixteenth Plenary Meeting of COSPARn16thcConstance, Germanyd197398460 0aSpace research XIVbproceedings of open meetings of workshop groups of the sixteenth plenary meeting of COSPAR, Constance, Germany, May 23-June 5, 1973cedited by M. J. Rycroft; edited by R. O. Reasenberg aBerlinbAkademie-Verlagc1974 axvii, 800p. a Space Sciences98461 aAstronomy and Astrophysics Thesaurus 91143 aReasenberg, R. O., ed.98462 aRycroft, M. J., ed. aCommittee on Space Research (France)98463 cBK c4761d4761 00104070aBANbKODcGENd1975-09-16l0o629.19(047.1)/ COS-XIVp5326r2021-11-05w1975-09-16yBKGDFL 175.00